000
00208 a2200097 4500
001
8624
100
_a
Schomberg.R.C.F
245
_a
Between the Onus & Indus
260
_a
_b
Indus Pub
_c
090
_c
6947
_d
6947
942
_a
NUST-CAE
_c
M
_c
33541
999
_c
243697
_d
243697